00542nam a2200181 a 450000100060000000300090000600800410001502000220005604000280007808200180010610000340012424500110015826000520016930000110022149000440023265000300027665000540030620100CO-ViMGA141112s2004 ck r 000 u spa d a95893480842401788 aCO-ViMGAbspacCO-ViMGA04aFr323.4 C654a1 aComision Andina de Juristas, 10aArauca aBogotá : bComisión Andina de Juristas 1994 a191 p.0 aInformes Regionales de derechos humanos14aDERECHOS HUMANOS - ARAUCA14aVIOLACION DE DERECHOS HUMANOS - ARAUCA - INFORMES